South Eastern Kenya University

Library Online Public Access Catalogue


Math 106: (Record no. 10778)

MARC details
000 -LEADER
fixed length control field 00719pam a2200289 a 4500
001 - CONTROL NUMBER
control field 515446
003 - CONTROL NUMBER IDENTIFIER
control field OSt
005 - DATE AND TIME OF LATEST TRANSACTION
control field 20160305091328.0
008 - FIXED-LENGTH DATA ELEMENTS--GENERAL INFORMATION
fixed length control field 860224s1987 caua 001 0 eng
010 ## - LIBRARY OF CONGRESS CONTROL NUMBER
LC control number 86004228
020 ## - INTERNATIONAL STANDARD BOOK NUMBER
International Standard Book Number 9780077282042
020 ## - INTERNATIONAL STANDARD BOOK NUMBER
International Standard Book Number 077282043
040 ## - CATALOGING SOURCE
Original cataloging agency Seku
050 00 - LIBRARY OF CONGRESS CALL NUMBER
Classification number QA 531
Item number .M3
082 00 - DEWEY DECIMAL CLASSIFICATION NUMBER
Classification number 516.2/4
Edition number 19
130 ## - MAIN ENTRY--UNIFORM TITLE
Uniform title Math 106
245 10 - TITLE STATEMENT
Title Math 106:
Remainder of title Trigonometry/
Statement of responsibility, etc. Raymond A. Barnett...[et al.].
260 ## - PUBLICATION, DISTRIBUTION, ETC. (IMPRINT)
Place of publication, distribution, etc. Boston :
Name of publisher, distributor, etc. McGraw Hill,
Date of publication, distribution, etc. 2008
300 ## - PHYSICAL DESCRIPTION
Other physical details ill.
500 ## - GENERAL NOTE
General note Includes index.
650 #0 - SUBJECT ADDED ENTRY--TOPICAL TERM
Topical term or geographic name as entry element Trigonometry.
700 ## - ADDED ENTRY--PERSONAL NAME
Personal name Barnett, Raymond A.
700 ## - ADDED ENTRY--PERSONAL NAME
Personal name Ziegler, Michael R.
700 ## - ADDED ENTRY--PERSONAL NAME
Personal name Byleen,Karl
700 ## - ADDED ENTRY--PERSONAL NAME
Personal name Sobecki,Dave
942 ## - ADDED ENTRY ELEMENTS (KOHA)
Source of classification or shelving scheme Library of Congress Classification
Koha item type General circulation
Holdings
Withdrawn status Lost status Source of classification or shelving scheme Damaged status Not for loan Home library Current library Shelving location Date acquired Source of acquisition Total Checkouts Full call number Barcode Date last seen Price effective from Koha item type Public note
    Library of Congress Classification     Mtito Andei Centre Library Mtito Andei Centre Library General Stacks 11/02/2016 Donation-Books for Africa   QA 531 .M3 2015/009559 11/02/2016 11/02/2016 General circulation res
Kitui, Kenya.
+254736116989
library@seku.ac.ke